Foot BO - Statistiques

Statistiques générales
  • Ce quiz a été pris 7 fois
  • Le résultat moyen est 5 sur 10
Statistiques - réponses
Réponse % Correct
1 Real
100%
2 Barcelone
86%
7 Manchester United
57%
4 Paris
57%
10 Arsenal
43%
9 Lyon
43%
3 Marseille
43%
5 Milan
43%
6 Porto
43%
8 Bayern Munich
0%
Aucun quiz correspondant
Distribution des résultats
% des personnes avec chaque résultat
Percentile par nombre de réponses
Votre historique - résultats
Vous n’avez pas pris ce quiz